000 00882nam a2200229 a 4500
999 _c6642
_d6642
001 6642
003 BD-JhCC
005 20180128105945.0
008 180127s2014 bg |||| |||| 001 0 ben d
035 _a(BD-JhCC) 6642
040 _aBD-JhCC
_dBD-JhCC
041 _aben
082 _bBAN 2014
_a505.16
245 _aবাংলাদেশ জাতীয় গ্রন্থপঞ্জি -২০১১ /
_cমো: শাহবউদ্দিন খান
260 _aঢাকা :
_bবাংলাদেশ ন্যাশনাল লাইব্রেরি,
_c২০১৪.
300 _a৯৬৭ পৃ . :
_c২৪ সেমি.
650 _aBibliographics
700 _aখান, মোঃ শাহাবউদ্দিন
710 _aআরকাইভস ও গ্রন্থাগার অধিদপ্তর
942 _2ddc
_cBK